Statistics for The Marauders

Click here to take the quiz!

General Stats

  • This quiz has been taken 453 times
  • The average score is 8 of 9

Answer Stats

QuestionAnswer% Correct
where did they meet?in the Hogwarts Express
100%
what can open the Marauder's map?i solemnly swear that i am up to no good
100%
who were their female friends?Lily, Marlene, Dorcas, Mary
100%
who were the Marauders?Sirius, Remus, James, Peter
100%
what is the sentence to close it?mischief managed
99%
when did they meet?1971
95%
when did Remus' secret was discovered by the others members?2d year
93%
who is the taller?Moony
91%
that's the end of this short quizz. That's my first, be kind please... (no good answer, obviously)that was nice
41%

Score Distribution

Percentile by Number Answered

Percent of People with Each Score

Your Score History

You have not taken this quiz